Geography Quiz

Random Geography or State Quiz

States' Highest Points Quiz Stats

 Plays Quiz Updated Oct 15, 2018

Score 0/51 Timer 10:00
0 Plays Today
State Highest Point % Correct
1. AlaskaDenali
89.8%
18. New HampshireMount Washington
43.7%
4. WashingtonMount Rainier
38.3%
2. CaliforniaMount Whitney
35.2%
13. OregonMount Hood
32.4%
6. HawaiiMauna Kea
24.1%
3. ColoradoMount Elbert
18.8%
16. North CarolinaMount Mitchell
17.5%
22. MaineMount Katahdin
15.5%
21. New YorkMount Marcy
15.4%
40. New JerseyHigh Point
15%
27. KentuckyBlack Mountain
14.2%
17. TennesseeClingmans Dome
13.3%
28. KansasMount Sunflower
13.2%
14. TexasGuadalupe Peak
12.8%
31. MassachusettsMount Greylock
12.7%
8. New MexicoWheeler Peak
11.9%
26. VermontMount Mansfield
11.7%
5. WyomingGannett Peak
11.6%
10. MontanaGranite Peak
11.6%
7. UtahKings Peak
11.3%
12. ArizonaHumphreys Peak
10.9%
9. NevadaBoundary Peak
10.8%
19. VirginiaMount Rogers
10.8%
11. IdahoBorah Peak
10.5%
25. GeorgiaBrasstown Bald
10.4%
State Highest Point % Correct
23. OklahomaBlack Mesa
10%
15. South DakotaHarney Peak
9.5%
33. PennsylvaniaMount Davis
9.5%
37. MinnesotaEagle Mountain
9.4%
24. West VirginiaSpruce Knob
9.3%
34. ArkansasMagazine Mountain
9%
29. South CarolinaSassafras Mountain
9%
44. IndianaHoosier Hill
8.7%
50. FloridaBritton Hill
8.6%
30. North DakotaWhite Butte
8.5%
20. NebraskaPanorama Point
8.3%
42. IowaHawkeye Point
8.2%
45. IllinoisCharles Mound
8.2%
35. AlabamaCheaha Mountain
8.2%
39. WisconsinTimms Hill
7.9%
41. MissouriTaum Sauk Mountain
7.8%
46. Rhode IslandJerimoth Hill
7.8%
43. OhioCampbell Hill
7.7%
36. ConnecticutMount Frissell
7.7%
32. MarylandHoye-Crest
7.6%
38. MichiganMount Arvon
7.4%
48. LouisianaDriskill Mountain
7%
49. DelawareEbright Azimuth
7%
49½. District of ColombiaFort Reno
7%
47. MississippiWoodall Mountain
6.6%

You're not logged in!

Compare scores with friends on all Sporcle quizzes.
OR
Log In

Sporcle TV

Today on Sporcle TV


Watch our educational content, quiz creation guides, and fun videos on Sporcle TV.

Show Comments

Extras

Top Quizzes Today


Score Distribution

Your Account Isn't Verified!

In order to create a playlist on Sporcle, you need to verify the email address you used during registration. Go to your Sporcle Settings to finish the process.

Report this User

Report this user for behavior that violates our Community Guidelines.

Details: